000 00324nam a22001217a 4500
020 _aNA
082 _222
_a658.40821
100 _aFrankel casl.
245 _aAn outline of soil and rock mechanics /
260 _aNew Soclety Publishers,
_bNew Soclety Publishers,
_cc1998
300 _a223 p. ;
_bNA
_c24cm.
942 _2ddc
_cENG
_01
999 _c2965
_d2965